Velká Británie

Z obsahu prílohy: Podmienky pre podnikanie a obchod vo V. Británii. Ekonomika krajiny. Politický vývoj. Zahraničný obchod. Vzťahy medzi Českou republikou a Veľkou Britániou. Regulácia zahraničného obchodu. Podmienky pre podnikanie a investovanie. Podmienky pre vstup zahraničného kapitálu. Bankový sy...

Descrizione completa

Salvato in:
Dettagli Bibliografici
Autore principale: Vaic, J.
Natura: Capitolo di libro
Lingua:ceco
Soggetti:
Tags: Aggiungi Tag
Nessun Tag, puoi essere il primo ad aggiungerne!!

MARC

LEADER 00000naa a2200000 4500
001 r026102
005 20230920094110.3
041 0 |a cze 
044 |a CZ 
245 1 0 |a Velká Británie  |c J. Vaic 
520 |a Z obsahu prílohy: Podmienky pre podnikanie a obchod vo V. Británii. Ekonomika krajiny. Politický vývoj. Zahraničný obchod. Vzťahy medzi Českou republikou a Veľkou Britániou. Regulácia zahraničného obchodu. Podmienky pre podnikanie a investovanie. Podmienky pre vstup zahraničného kapitálu. Bankový systém. Spracovanie trhu - odbytové cesty, typy dovozcov, podmienky zmluvy o výhradnom zastúpení a exkluzívnom zastúpení. Perspektívy pre české podniky. Dôležité adresy. 
610 2 0 |a Veľká Británia 
610 2 0 |a podnikanie obchodné 
610 2 0 |a obchod zahraničný 
610 2 0 |a situácia hospodárska 
610 2 0 |a investovanie 
610 2 0 |a bankovníctvo 
610 2 0 |a Česko 
610 2 0 |a odbyt 
610 2 0 |a kapitál zahraničný 
610 2 0 |a dovoz 
610 2 0 |a zmluvy sprostredkovateľské 
100 1 |a Vaic, J.